[Event "EU-ch Amateur Online Final 1400/1700"]
[Site "Tornelo INT"]
[Date "2021.04.18"]
[Round "9"]
[White "Merkouropoulos, Dionysios"]
[Black "Fiorella, Simone"]
[Result "1-0"]
[WhiteElo "1405"]
[BlackElo "1610"]
[PlyCount "77"]
[EventDate "2021.04.18"]
[EventType "swiss (rapid)"]
[EventRounds "9"]
[EventCountry "NET"]
[SourceTitle "EXT 2023"]
[Source "ChessBase"]
[SourceDate "2022.10.05"]
[SourceVersion "1"]
[SourceVersionDate "2022.10.05"]
[SourceQuality "1"]

1. d4 d5 2. c4 c6 3. Nf3 Nf6 4. e3 Bg4 5. Nc3 e6 6. Be2 Bd6 7. 0-0 Nbd7 8. cxd5 exd5 9. Qb3 Qc7 10. h3 Bh5 11. Bd2 0-0 12. Rac1 a6 13. a3 Rae8 14. Rc2 Ne4 15. Nxd5 Qb8 16. Nc3 Bg6 17. Nh4 Bh2+ 18. Kh1 Nxf2+ 19. Rxf2 Bxc2 20. Qxc2 Bg3 21. Rf1 Bxh4 22. Bc4 Nf6 23. e4 b5 24. Bb3 Qb6 25. e5 Nd5 26. Nxd5 cxd5 27. Bxd5 Qxd4 28. Be4 Rxe5 29. Bxh7+ Kh8 30. Bc3 Qc4 31. Bd3 Qc5 32. Bxe5 Qxe5 33. Rf5 Qe1+ 34. Bf1 g6 35. Rf3 Kg8 36. Qc6 Qe5 37. Qxa6 Qxb2 38. Qxb5 Qxa3 39. Rxa3 1-0